000 00464pab a2200169 454500
008 180718b2009 xxu||||| |||| 00| 0 eng d
100 _aStone, Samuel B.
245 _aThe difficulty of restoring structural balance: the case of Indiana, 2001-2007
260 _c2009
300 _ap.562-77.
362 _aJun
650 _aBudget
700 _aKravchuk, Robert S.
773 _aInternational Journal of Public Administration
908 _aN
909 _a83055
999 _c83055
_d83055